000 02850nam a2200253 4500
003 vecauma
005 20260311140900.0
007 ta
008 260311b ve ||||| |||| 00| 0 spa d
020 _a9586981118
040 _avecauma
_bspa
_cvecauma
_dvecauma
_erda
041 _aspa
100 1 _eautor
245 1 _aComunicación para construir lo público
_c/Miguel Ángel Ibarra
264 _aBogotá:
_bCAB, Convenio Andrés Bello;
_c2002.
300 _a184 páginas.
336 _atexto
_btxt
_2rdacontenido
337 _ano mediado
_bn
_2rdamedio
338 _avolumen
_bnc
_2rdasoporte
505 0 _aIntroducción Jorgen Horlbecke Miguel Ángel Ibarra / La ciudad y lo público Antanas Mockus / Contexto de lo público: transformaciones comunicacionales y socioculturales Aníbal Ford / Periodismo público: un reto a la construcción de opinión pública Ana María Miralles Castellanos / ¿De la plaza pública a los medios? Apuntes sobre medios de comunicación, esfera pública y democracia Jorge Iván Bonilla / Esfera pública y medios de comunicación: por el reencantamiento de la comunicación María Emma Wills / ¿Existen los dragones?: ficcionalización de la ciudadanía o realización del derecho a la expresión Eduardo Gutiérrez / Los comunicadores frente a lo público María Tereza Quiroz / Los comunicadores frente a lo público María Tereza Quiroz / Acercamientos a la relación ética-ficción Nora Mazziotti / Ética y relato en la construcción de lo público Gabriel Jaime Pérez S.J.. / Identidades y comunidades virtuales: redes de interacción comunicativa Patricia Bernal / De lo garloviruña a lo techno carrilera, pasando por otras light suras Omar Rincón / Reinas de belleza y construcción de la identidad: espectáculo-medios de comunicación Mayra Rivera / Los residenciales públicos en Puerto Rico y el derecho a la comunicación: voces que se pierden en el laberinto de la democracia Guadalupe Escalante Rengifo / Sectores populares, ciudadanía, democracia y medios de comunicación en Puerto Rico: una reflexión necesaria Yomaire García De Jesús /
520 3 _aLa construcción de lo público es la base necesaria para la convivencia y la resolución del conflicto social, y ello es posible, en la medida en que la comunicación ejerza su función de mediación y cree condiciones para que los diferentes significados y símbolos que produce un grupo humano puedan circular, convivir y mezclarse en igualdad de condiciones. El espacio público es la esfera simbólica donde se responden y se debaten los discursos en su mayor parte contradictorios, formulados por los diferentes actores políticos, sociales, religiosos, culturales, intelectuales que componen una sociedad.
942 1 _2lcc
_n0
_cBK
999 _c13229
_d13229